[Event "Windsor NAYCC U14"]
[Site "Windsor"]
[Date "2016.08.09"]
[Round "4.64"]
[White "Pan, David"]
[Black "Zhang, Zhehai"]
[Result "1/2-1/2"]
[WhiteElo "1854"]
[BlackElo "1678"]
[PlyCount "76"]
[EventDate "2016.08.07"]
[EventType "swiss"]
[EventRounds "9"]
[EventCountry "CAN"]
[SourceTitle "EXT 2022"]
[Source "ChessBase"]
[SourceDate "2021.10.06"]
[SourceVersion "1"]
[SourceVersionDate "2021.10.06"]
[SourceQuality "1"]

1. e4 c5 2. Nf3 e6 3. d4 cxd4 4. Nxd4 Nc6 5. Nc3 Qc7 6. g3 a6 7. Bg2 Nf6 8. 0-0 Be7 9. Re1 d6 10. Nxc6 bxc6 11. Bf4 e5 12. Be3 0-0 13. h3 Rb8 14. b3 Rd8 15. Kh2 Bb7 16. Na4 Ba8 17. Qe2 a5 18. c4 d5 19. cxd5 Bb4 20. Rec1 Qd6 21. dxc6 Bxc6 22. Nb2 Bxe4 23. Bxe4 Nxe4 24. Ba7 Ra8 25. Qxe4 Rxa7 26. Rd1 Qf6 27. Rxd8+ Qxd8 28. Rd1 Qf6 29. Kg2 g6 30. Rd5 Bc3 31. Nc4 a4 32. Nxe5 Re7 33. f4 axb3 34. axb3 Qa6 35. Qd3 Qa2+ 36. Kf3 Qxb3 37. Nc6 Rb7 38. Ne5 Bxe5 1/2-1/2